000 00688nam a2200289Ia 4500
005 20260324143746.0
008 008 260324s9999 xx 000 0 eng d
020 _a9781315489339
037 _aEBOOK
040 _aCRL
040 _beng
040 _cCRL
041 _2eng
041 _aeng
084 _qCRL
100 _aWilliam R. Nester
_91216816
245 4 _aThe Foundation of Japanese Power
245 0 _bContinuities, Changes, Challenges
260 _bTaylor and Francis
260 _c1990
365 _a
365 _b290
856 _uhttp://www.taylorfrancis.com/books/9781315489339
942 _cEBOOK
999 _c1822605
_d1822605